[Event "GER-chA Seniors 28th"]
[Site "Niederhausen"]
[Date "2016.08.13"]
[Round "1"]
[White "Rychlik, Kurt"]
[Black "Rotstein, Jefim"]
[Result "0-1"]
[WhiteElo "2035"]
[BlackElo "2315"]
[PlyCount "54"]
[EventDate "2016.08.13"]
[EventType "swiss"]
[EventRounds "9"]
[EventCountry "GER"]
[SourceTitle "EXT 2019"]
[Source "ChessBase"]
[SourceDate "2018.10.10"]
[SourceVersion "1"]
[SourceVersionDate "2018.10.10"]
[SourceQuality "1"]

1. Nf3 c5 2. d3 Nc6 3. g3 e5 4. Bg2 f5 5. Nbd2 Nf6 6. e4 d6 7. 0-0 Be7 8. Re1 0-0 9. c3 fxe4 10. dxe4 Kh8 11. h3 Be6 12. Ng5 Bg8 13. f4 h6 14. Ngf3 exf4 15. gxf4 Nh5 16. f5 Nf4 17. Nf1 Nxg2 18. Kxg2 d5 19. exd5 Bxd5 20. Ne3 Be4 21. Qb3 Ne5 22. Rf1 Bg5 23. Kg3 Nxf3 24. Rxf3 Qd6+ 25. Kg2 Bxe3 26. Bxe3 Rxf5 27. Raf1 Raf8 0-1

[Event "WchT Seniors 65"]
[Site "Radebeul"]
[Date "2016.07.04"]
[Round "9.6"]
[White "Rotstein, Jefim"]
[Black "Westerinen, Heikki MJ"]
[Result "1/2-1/2"]
[WhiteElo "2332"]
[BlackElo "2308"]
[PlyCount "72"]
[EventDate "2016.06.26"]
[EventType "team-swiss"]
[EventRounds "9"]
[EventCountry "GER"]
[SourceTitle "CBM 173 Extra"]
[Source "ChessBase"]
[SourceDate "2016.08.29"]
[SourceVersion "1"]
[SourceVersionDate "2016.08.29"]
[SourceQuality "1"]
[WhiteTeam "Germany II"]
[BlackTeam "Finland"]
[WhiteTeamCountry "GER"]
[BlackTeamCountry "FIN"]

1. e4 e6 2. d4 d5 3. Nd2 dxe4 4. Nxe4 Bd7 5. Nf3 Bc6 6. Bd3 Nd7 7. 0-0 Ngf6 8. Ng3 Be7 9. c4 0-0 10. Qe2 Bxf3 11. Qxf3 c5 12. Be3 cxd4 13. Bxd4 Nc5 14. Bxf6 Bxf6 15. Bxh7+ Kxh7 16. Qh5+ Kg8 17. Qxc5 Bxb2 18. Rad1 Qb6 19. Qh5 Qc6 20. Qe2 Bf6 21. Nh5 e5 22. Rd3 g6 23. Nxf6+ Qxf6 24. Re3 Rac8 25. Re1 Rfe8 26. g3 Re6 27. h4 Kg7 28. Re4 b6 29. h5 g5 30. Qg4 Rd8 31. f4 exf4 32. Rxe6 fxe6 33. Rxe6 Rd1+ 34. Qxd1 Qxe6 35. gxf4 gxf4 36. Qd4+ Kh6 1/2-1/2

[Event "WchT Seniors 65"]
[Site "Radebeul"]
[Date "2016.06.30"]
[Round "5.1"]
[White "Sveshnikov, Evgeny"]
[Black "Rotstein, Jefim"]
[Result "1-0"]
[WhiteElo "2509"]
[BlackElo "2332"]
[PlyCount "145"]
[EventDate "2016.06.26"]
[EventType "team-swiss"]
[EventRounds "9"]
[EventCountry "GER"]
[SourceTitle "CBM 173 Extra"]
[Source "ChessBase"]
[SourceDate "2016.08.29"]
[SourceVersion "1"]
[SourceVersionDate "2016.08.29"]
[SourceQuality "1"]
[WhiteTeam "Russia 65+"]
[BlackTeam "Germany II"]
[WhiteTeamCountry "RUS"]
[BlackTeamCountry "GER"]

1. e4 d6 2. d4 Nd7 3. f4 c6 4. Nf3 e5 5. Nc3 Be7 6. fxe5 dxe5 7. dxe5 Nc5 8. Qxd8+ Bxd8 9. Be3 Ne6 10. Bc4 Ne7 11. 0-0-0 Ng6 12. Bxe6 Bxe6 13. Bc5 Bb6 14. Na4 Bc7 15. Bd6 0-0-0 16. h3 Rhe8 17. Nc5 h6 18. Bxc7 Rxd1+ 19. Rxd1 Kxc7 20. b3 Bc8 21. Nd3 b6 22. Kd2 c5 23. Rf1 Bb7 24. Ke3 f6 25. exf6 Rxe4+ 26. Kd2 gxf6 27. Nfe1 Re6 28. Rf5 Ne7 29. Rh5 f5 30. Nf4 Rd6+ 31. Ned3 Be4 32. Ke3 Nc6 33. c3 a5 34. g4 Bxd3 35. Nxd3 fxg4 36. hxg4 a4 37. bxa4 Kb7 38. Nf4 Ka6 39. Rd5 Rf6 40. Rf5 Rd6 41. Nd5 Ka5 42. Ke4 Re6+ 43. Kf4 Rd6 44. Ne3 Kxa4 45. Nc4 Re6 46. Nxb6+ Kb5 47. Nd7 Ne7 48. Rxc5+ Ka4 49. Ne5 Ka3 50. Ra5+ Kb2 51. c4 Kc3 52. Ra3+ Kd4 53. Rd3+ Kc5 54. Re3 Rf6+ 55. Kg3 Kd4 56. Re2 Kc3 57. c5 Re6 58. Kf4 Rf6+ 59. Ke4 Ra6 60. Re3+ Kb4 61. Kd4 Ra4 62. Rb3+ Ka5+ 63. Nc4+ Ka6 64. Rb6+ Ka7 65. Rxh6 Kb8 66. a3 Kc7 67. Kc3 Ra8 68. Rh7 Re8 69. Ne5 Kc8 70. Kc4 Ng8 71. Ra7 Rxe5 72. Ra8+ Kb7 73. Rxg8 1-0

[Event "WchT Seniors 65"]
[Site "Radebeul"]
[Date "2016.06.28"]
[Round "3.1"]
[White "Rotstein, Jefim"]
[Black "Frick, Christoph"]
[Result "0-1"]
[WhiteElo "2332"]
[BlackElo "2243"]
[PlyCount "160"]
[EventDate "2016.06.26"]
[EventType "team-swiss"]
[EventRounds "9"]
[EventCountry "GER"]
[SourceTitle "CBM 173 Extra"]
[Source "ChessBase"]
[SourceDate "2016.08.29"]
[SourceVersion "1"]
[SourceVersionDate "2016.08.29"]
[SourceQuality "1"]
[WhiteTeam "Germany II"]
[BlackTeam "Eck Gunners"]
[WhiteTeamCountry "GER"]
[BlackTeamCountry "GER"]

1. d4 d5 2. Nf3 Nf6 3. e3 c6 4. c4 e6 5. Nc3 Nbd7 6. Qc2 Bd6 7. Be2 0-0 8. 0-0 dxc4 9. Bxc4 b5 10. Be2 Bb7 11. e4 e5 12. dxe5 Nxe5 13. Nxe5 Bxe5 14. Be3 Qe7 15. f3 Rfd8 16. Rfd1 a6 17. Rxd8+ Rxd8 18. Rd1 c5 19. a4 Bd4 20. Bxd4 cxd4 21. Nb1 bxa4 22. Qxa4 g5 23. Na3 Qc5 24. Bd3 g4 25. Qc2 Qe7 26. Nc4 gxf3 27. gxf3 Kh8 28. Kh1 Nh5 29. Qf2 Qf6 30. Nd2 Nf4 31. Bc4 Rg8 32. Rg1 Rg6 33. Rxg6 hxg6 34. Nb3 d3 35. Nc5 Nh3 36. Qg3 Kg7 37. Nxd3 Bxe4 38. Qxh3 Bxf3+ 39. Kg1 Qd4+ 40. Kf1 Bg4 41. Qg3 Qxc4 42. b3 Qxb3 43. Qe5+ Kh7 44. Nf4 Qb5+ 45. Qxb5 axb5 46. Nd5 Be6 47. Nb4 Kg7 48. Kf2 Kf6 49. Ke3 Ke5 50. h4 Bc4 51. Nc6+ Kd5 52. Nb4+ Kc5 53. Na6+ Kb6 54. Nb4 Ka5 55. Nc6+ Ka4 56. Kd4 Kb3 57. Na5+ Kb4 58. Nc6+ Ka3 59. Kc5 Kb2 60. Kd4 Kc2 61. Nb4+ Kd2 62. Nc6 Bf1 63. Nb4 Be2 64. Nd5 Bf3 65. Nc7 b4 66. Kc4 Ke3 67. Kxb4 Kf4 68. Kc5 Kg4 69. Kd6 Kxh4 70. Ke7 f5 71. Kf6 Bh5 72. Nd5 Kg4 73. Ke5 Kg3 74. Nf4 Kf3 75. Ne6 Kg4 76. Nf4 g5 77. Nd5 f4 78. Nf6+ Kh4 79. Nd5 Kg3 80. Kf5 Bf7 0-1

[Event "GER-chT Seniors 24th"]
[Site "Berlin"]
[Date "2015.09.08"]
[Round "3.2"]
[White "Pape, Manfred"]
[Black "Rotstein, Jefim"]
[Result "1/2-1/2"]
[WhiteElo "2115"]
[BlackElo "2317"]
[PlyCount "57"]
[EventDate "2015.09.06"]
[EventType "team-swiss"]
[EventRounds "7"]
[EventCountry "GER"]
[SourceTitle "EXT 2018"]
[Source "ChessBase"]
[SourceDate "2017.10.13"]
[SourceVersion "1"]
[SourceVersionDate "2017.10.13"]
[SourceQuality "1"]
[WhiteTeam "Niedersachsen Seniors II"]
[BlackTeam "NRW Seniors"]
[WhiteTeamCountry "GER"]
[BlackTeamCountry "GER"]

1. e4 c5 2. Nf3 e6 3. Nc3 a6 4. d4 cxd4 5. Nxd4 d6 6. Be2 Nf6 7. 0-0 Be7 8. Be3 0-0 9. f4 Nbd7 10. Bf3 Qc7 11. Qe1 Re8 12. Rd1 Nb6 13. Kh1 e5 14. fxe5 dxe5 15. Qg3 Kh8 16. Be2 Bd8 17. Nf5 Bxf5 18. Rxf5 Rc8 19. Rdf1 Qc6 20. Bd3 Re6 21. Rg5 g6 22. Rxe5 Nbd7 23. Rxe6 Qxe6 24. Bd4 Kg8 25. e5 Bc7 26. Qg5 Ng4 27. h3 Bxe5 28. Bxe5 Ngxe5 29. Be4 1/2-1/2

[Event "GER-chA Seniors 27th"]
[Site "Magdeburg"]
[Date "2015.08.22"]
[Round "8"]
[White "Goy, Udo"]
[Black "Rotstein, Jefim"]
[Result "0-1"]
[WhiteElo "2151"]
[BlackElo "2310"]
[PlyCount "88"]
[EventDate "2015.08.15"]
[EventType "swiss"]
[EventRounds "9"]
[EventCountry "GER"]
[SourceTitle "EXT 2018"]
[Source "ChessBase"]
[SourceDate "2017.10.13"]
[SourceVersion "1"]
[SourceVersionDate "2017.10.13"]
[SourceQuality "1"]

1. d4 Nf6 2. Nf3 c5 3. e3 e6 4. Bd3 b6 5. 0-0 Bb7 6. Nbd2 Be7 7. Qe2 cxd4 8. exd4 Nd5 9. Ne4 Nb4 10. Bb5 a6 11. Ba4 b5 12. Bb3 a5 13. c3 a4 14. Bd1 Nd5 15. a3 Nc6 16. Bc2 Na5 17. Bd3 Nb3 18. Rb1 Nxc1 19. Rbxc1 Nf4 20. Qe3 Nxd3 21. Qxd3 Qb6 22. Rfe1 0-0 23. Ne5 Rfd8 24. Re3 f5 25. Nd2 d6 26. Nef3 e5 27. dxe5 dxe5 28. Qe2 e4 29. Nd4 Bc5 30. Nb1 f4 31. Rh3 Bxd4 32. cxd4 Rxd4 33. Nc3 Rad8 34. Qh5 h6 35. Rh4 Qf6 36. Rg4 e3 37. fxe3 fxe3 38. Rf1 Qe7 39. Rg3 Rd2 40. Qxb5 e2 41. Re1 Rd1 42. Kf2 Rf8+ 43. Rf3 Bxf3 44. gxf3 Qh4+ 0-1

[Event "GER-chA Seniors 27th"]
[Site "Magdeburg"]
[Date "2015.08.17"]
[Round "3"]
[White "Rotstein, Jefim"]
[Black "Schneider, Alexander"]
[Result "1-0"]
[WhiteElo "2310"]
[BlackElo "2097"]
[PlyCount "63"]
[EventDate "2015.08.15"]
[EventType "swiss"]
[EventRounds "9"]
[EventCountry "GER"]
[SourceTitle "EXT 2018"]
[Source "ChessBase"]
[SourceDate "2017.10.13"]
[SourceVersion "1"]
[SourceVersionDate "2017.10.13"]
[SourceQuality "1"]

1. d4 Nf6 2. Nf3 d5 3. e3 Bg4 4. c4 e6 5. Qb3 b6 6. Ne5 c6 7. Nc3 Bd6 8. f3 Bf5 9. g4 Bg6 10. h4 h6 11. Nxg6 fxg6 12. Bd3 Kf7 13. cxd5 cxd5 14. Qc2 g5 15. Bg6+ Ke7 16. hxg5 Bg3+ 17. Ke2 hxg5 18. Bd2 Nc6 19. Qa4 Rc8 20. Nb5 Bb8 21. Rac1 a5 22. b4 Rxh1 23. Rxh1 Nxb4 24. Bxb4+ axb4 25. Qxb4+ Bd6 26. Qa4 Qd7 27. Qa6 Qc6 28. Na7 Qc4+ 29. Qxc4 Rxc4 30. Rb1 Ra4 31. Nc8+ Kd7 32. Nxb6+ 1-0